000 00966cam a2200301 i 4500
001 16765
003 DO-SdUEMH
005 20260127154449.0
007 ta
008 211105s2003 dr |||gr|||| 000 0 spa|d
020 _a9806604008
040 _aDO-SdUEMH
_bspa
_erda
041 _aspa
082 1 4 _mCG
_a330.0987 K652H
_bK65h
084 _b09-00514
100 _aKliksberg, Bernardo
_eaut
245 1 0 _aHacia una economía con rostro humano /
_cBernardo Kliksberg ; prólogo: Edgar Morin
250 _aSexta edición
260 _c2003
264 0 1 _aMaracaibo :
_bOficina de Planificación del Sector Universitario,
_c2003
300 _a175 páginas ;
_c23 cm.
336 _2rdacontent
_atexto
_btxt
337 _2rdamedia
_asin mediación
_bn
338 _2rdacarrier
_avolumen
_bnc
505 2 _aProblemas críticos en la América Latina de hoy -- Propuestas para la acción -- Hacia una nueva visión del desarrollo.
942 _2ddc
_cBK
_n0
999 _c16765
_d16765